Statistics for All the Bundesliga Winners

Click here to take the quiz!

General Stats

  • This quiz has been taken 308 times
    (34 since last reset)
  • The average score is 53 of 60

Answer Stats

YearWinner% Correct
2022-23Bayern Munich
100%
2009-10Bayern Munich
100%
1996-97Bayern Munich
100%
1998-99Bayern Munich
100%
1999-00Bayern Munich
100%
2000-01Bayern Munich
100%
2002-03Bayern Munich
100%
2004-05Bayern Munich
100%
2005-06Bayern Munich
100%
2007-08Bayern Munich
100%
2012-13Bayern Munich
100%
1988-89Bayern Munich
100%
2013-14Bayern Munich
100%
2014-15Bayern Munich
100%
2015-16Bayern Munich
100%
2016-17Bayern Munich
100%
2017-18Bayern Munich
100%
2018-19Bayern Munich
100%
2019-20Bayern Munich
100%
2020-21Bayern Munich
100%
2021-22Bayern Munich
100%
1989-90Bayern Munich
100%
1993-94Bayern Munich
100%
1986-87Bayern Munich
100%
1979-80Bayern Munich
100%
1985-86Bayern Munich
100%
1984-85Bayern Munich
100%
1968-69Bayern Munich
100%
1971-72Bayern Munich
100%
1972-73Bayern Munich
100%
1973-74Bayern Munich
100%
1980-81Bayern Munich
100%
1994-95Borussia Dortmund
100%
1995-96Borussia Dortmund
100%
2011-12Borussia Dortmund
100%
2010-11Borussia Dortmund
100%
2001-02Borussia Dortmund
100%
2008-09Wolfsburg
84%
1977-78Köln
77%
1963-64Köln
77%
1983-84Stuttgart
77%
1991-92Stuttgart
77%
2006-07Stuttgart
77%
2003-04Werder Bremen
77%
1992-93Werder Bremen
77%
1987-88Werder Bremen
77%
1964-65Werder Bremen
77%
1975-76Borussia Mönchengladbach
74%
1974-75Borussia Mönchengladbach
74%
1976-77Borussia Mönchengladbach
74%
1970-71Borussia Mönchengladbach
74%
1969-70Borussia Mönchengladbach
74%
1997-98Kaiserslautern
65%
1990-91Kaiserslautern
65%
1966-67Eintracht Brunswick
52%
1982-83Hamburger
52%
1981-82Hamburger
52%
1978-79Hamburger
52%
1967-68Nürnberg
42%
1965-661860 München
29%

Score Distribution

Percentile by Number Answered

Percent of People with Each Score

Your Score History

You have not taken this quiz since the last reset